[Event "EU Union-ch 6th"]
[Site "Arvier"]
[Date "2010.09.10"]
[Round "7"]
[White "Brunello, Roberta"]
[Black "Batoni, Fabrizio"]
[Result "1-0"]
[WhiteElo "2066"]
[BlackElo "1910"]
[PlyCount "125"]
[EventDate "2010.09.04"]
[EventType "swiss"]
[EventRounds "9"]
[EventCountry "ITA"]
[SourceTitle "CBM 138 Extra"]
[Source "ChessBase"]
[SourceDate "2010.10.29"]
[SourceVersion "1"]
[SourceVersionDate "2010.10.29"]
[SourceQuality "1"]

1. e4 d6 2. d4 Nf6 3. Nc3 g6 4. h3 Bg7 5. Be3 c6 6. a4 e5 7. Nf3 Nbd7 8. Qd2 0-0 9. Be2 Re8 10. Bd3 exd4 11. Nxd4 Nc5 12. f3 Nxd3+ 13. cxd3 d5 14. Nc2 Qc7 15. 0-0 dxe4 16. dxe4 Be6 17. Nd4 Bc4 18. Rfd1 Rad8 19. Qf2 b6 20. a5 bxa5 21. Ra4 Bb5 22. Ncxb5 cxb5 23. Raa1 Qb7 24. Rxa5 a6 25. Rda1 Ra8 26. b3 Nd7 27. Qa2 Nb6 28. Rxa6 Qd7 29. Qf2 Red8 30. Rxa8 Nxa8 31. Rd1 Nc7 32. Rd2 Qc8 33. Nc6 Rxd2 34. Qxd2 Qa8 35. Qd6 Ne6 36. Qd5 Qa1+ 37. Kh2 Qc3 38. Bd2 Qb2 39. Bb4 Qc1 40. Nd8 Kh8 41. Bd6 Qa1 42. Nc6 h5 43. Qxb5 h4 44. Be5 Qe1 45. Nd4 Nxd4 46. Bxg7+ Kxg7 47. Qe5+ f6 48. Qxd4 Qg3+ 49. Kh1 Qe1+ 50. Qg1 Qb4 51. Qa7+ Kf8 52. Qe3 Kg7 53. f4 Kf8 54. e5 fxe5 55. fxe5 Qa5 56. Qh6+ Kf7 57. Qh7+ Kf8 58. Qh8+ Kf7 59. Qf6+ Ke8 60. Qxg6+ Kd7 61. Qd6+ Ke8 62. e6 Qe1+ 63. Kh2 1-0

[Event "EU Union-ch 6th"]
[Site "Arvier"]
[Date "2010.09.05"]
[Round "2"]
[White "Schmid, Pablo"]
[Black "Batoni, Fabrizio"]
[Result "1-0"]
[WhiteElo "2087"]
[BlackElo "1910"]
[PlyCount "67"]
[EventDate "2010.09.04"]
[EventType "swiss"]
[EventRounds "9"]
[EventCountry "ITA"]
[SourceTitle "CBM 138 Extra"]
[Source "ChessBase"]
[SourceDate "2010.10.29"]
[SourceVersion "1"]
[SourceVersionDate "2010.10.29"]
[SourceQuality "1"]

1. e4 d6 2. d4 Nf6 3. Nc3 g6 4. f4 Bg7 5. Nf3 c5 6. Bb5+ Bd7 7. e5 dxe5 8. fxe5 Ng4 9. e6 fxe6 10. Ng5 Bxd4 11. Bxd7+ Qxd7 12. Qxg4 Bxc3+ 13. bxc3 e5 14. Qe6 Qxe6 15. Nxe6 Na6 16. Be3 b6 17. 0-0-0 Kf7 18. Ng5+ Ke8 19. Rhf1 Nc7 20. Nf7 Rf8 21. Nxe5 Rxf1 22. Rxf1 Nd5 23. Bh6 Nf6 24. Bg7 Rd8 25. Bxf6 exf6 26. Rxf6 Rd5 27. Re6+ Kf8 28. g4 Rd8 29. g5 Kg8 30. Re7 Rf8 31. Nd7 Rf7 32. Nf6+ Kg7 33. Rxf7+ Kxf7 34. Nxh7 1-0